Online Catalogue and eLibrary

Neelan Tiruchelvam : (Record no. 561)

MARC details
000 -LEADER
fixed length control field 00544cam a2200181 a 4500
001 - CONTROL NUMBER
control field 13842314
005 - DATE AND TIME OF LATEST TRANSACTION
control field 20240311011204.0
008 - FIXED-LENGTH DATA ELEMENTS--GENERAL INFORMATION
fixed length control field 040820s2004 ii b 110 0 eng
020 ## - INTERNATIONAL STANDARD BOOK NUMBER
ISBN 955580088X
040 ## - CATALOGING SOURCE (பட்டியலாக்க மூலம்)
Original cataloging agency DLC
Transcribing agency DLC
082 ## - DDC Classification
DDC Edition Number 22
Class No. 323.4.
Item Number - Author Mark NEE.
245 00 - TITLE STATEMENT
Title Neelan Tiruchelvam :
Remainder of title commemoration and conference papers /
Statement of responsibility, etc. edited by A.J. Canagaratna.
260 ## - PUBLICATION, DISTRIBUTION, ETC.
Place of publication, distribution, etc. Colombo :
Name of publisher, distributor, etc. International Centre for Ethnic Studies,
Date of publication, distribution, etc. 2004.
300 ## - PHYSICAL DESCRIPTION
Extent (e.g. Volumes, Pages etc.) 273 p. ;
700 1# - ADDED ENTRY--PERSONAL NAME
Personal name Canagaratna, A. J.
Relator term (Role) Editor
700 1# - ADDED ENTRY--PERSONAL NAME
Personal name Tiruchelvam, Neelan.
Relator term (Role) Editor
942 ## - Koha item type (Biblio)
Koha item type Books in Stacks (Lending)
Holdings
Lost status Damaged status Collection code Home library Current library Date acquired Full call number Accession Number Item type
    Lending WERC Library WERC Library 03/11/2024 323.4. NEE. 1914 Books in Stacks (Lending)

© WERC Library